England Cricket Runscorers - Statistics

General Stats
  • This quiz has been taken 93 times
  • The average score is 9 of 15
Answer Stats
Hint Answer % Correct
12,972 Joe Root
100%
12,472 Alistar Cook
99%
7,037 Andrew Strauss
81%
7,727 Ian Bell
81%
8,181 Kevin Pietersen
77%
8,900 Graham Gooch
68%
8,231 David Gower
67%
8,114 Geoff Boycott
67%
7,728 Michael Atherton
64%
8,463 Alec Stewart
51%
6,744 Graham Thorpe
45%
6,971 Len Hutton
45%
7,624 Colin Cowdrey
37%
7,249 Wally Hammond
34%
6,806 Ken Barrington
25%
No matching quizzes found
Score Distribution
Percent of People with Each Score
Percentile by Number Answered
Your Score History
You have not taken this quiz